[Event "4NCL Div 1 2018-19"]
[Site "Telford"]
[Date "2019.02.10"]
[Round "6.17"]
[White "Rees, Ioan"]
[Black "Gheorghiu, Calin"]
[Result "0-1"]
[WhiteElo "2292"]
[BlackElo "2300"]
[Annotator "NA"]
[PlyCount "54"]
[EventDate "2018.11.10"]
[EventType "team-tourn"]
[EventCountry "GBR"]
[SourceTitle "playchess.com"]
[Source "ChessBase"]
[SourceQuality "1"]
[TimeControl "40/6000+30:3000+30"]

1. Nf3 {[%emt 0:09:15]} d5 {[%emt 0:00:00]} 2. c4 {[%emt 0:00:16]} d4 {[%emt 0:00:00]} 3. b4 {[%emt 0:01:36]} f6 {[%emt 0:00:18]} 4. e3 {[%emt 0:03:59]} e5 {[%emt 0:06:00]} 5. c5 {[%emt 0:04:26]} a5 {[%emt 0:10:47]} 6. Bc4 {[%emt 0:06:16]} axb4 {[%emt 0:08:55]} 7. O-O {[%emt 0:11:27]} Bxc5 {[%emt 0:20:24]} 8. Qc2 {[%emt 0:10:12]} Qd6 {[%emt 0:08:51]} 9. Bb2 {[%emt 0:05:31]} Nc6 {[%emt 0:09:41]} 10. a3 {[%emt 0:09:42]} Nge7 {[%emt 0:03:06]} 11. axb4 {[%emt 0:04:14]} Nxb4 {[%emt 0:00:53]} 12. Qb3 {[%emt 0:00:33]} Rxa1 {[%emt 0:01:10]} 13. Bxa1 {[%emt 0:00:05]} c6 {[%emt 0:07:03]} 14. exd4 {[%emt 0:01:16]} exd4 {[%emt 0:00:38]} 15. Nxd4 {[%emt 0:01:24]} b5 {[%emt 0:02:41]} 16. Bf7+ {[%emt 0:01:56]} Kf8 {[%emt 0:00:49]} 17. Ne6+ {[%emt 0:02:36]} Bxe6 {[%emt 0:01:31]} 18. Bxe6 {[%emt 0:00:06]} Nd3 {[%emt 0:02:42]} 19. Bg4 {[%emt 0:03:43]} Ng6 {[%emt 0:07:46]} 20. Qa2 {[%emt 0:06:25]} Qe7 {[%emt 0:02:58]} 21. Bf5 {[%emt 0:05:18]} Ngf4 {[%emt 0:05:39]} 22. g3 {[%emt 0:03:29]} g6 {[%emt 0:03:30]} 23. Bg4 {[%emt 0:07:13]} Qe4 {[%emt 0:02:41]} 24. gxf4 {[%emt 0:02:14]} Nxf4 {[%emt 0:00:15]} 25. Qa8+ {[%emt 0:00:18]} Kg7 {[%emt 0:00:50]} 26. Bxf6+ {[%emt 0:00:05]} Kh6 {[%emt 0:00:31]} 27. Qxh8 {[%emt 0:00:16]} Qg2# {[%emt 0:00:37]} 0-1

[Event "4NCL Div 1 2018-19"]
[Site "Telford"]
[Date "2019.02.10"]
[Round "6.18"]
[White "Zhou, Yang-Fan"]
[Black "Derakhshani, Borna"]
[Result "1-0"]
[WhiteElo "2436"]
[BlackElo "2324"]
[Annotator "NA"]
[PlyCount "127"]
[EventDate "2018.11.10"]
[EventType "team-tourn"]
[EventCountry "GBR"]
[SourceTitle "playchess.com"]
[Source "ChessBase"]
[SourceQuality "1"]
[TimeControl "40/6000+30:3000+30"]

1. e4 {[%emt 0:03:02]} c6 {[%emt 0:01:31]} 2. Nc3 {[%emt 0:00:08]} d5 {[%emt 0:00:11]} 3. Nf3 {[%emt 0:00:05]} g6 {[%emt 0:00:28]} 4. d4 {[%emt 0:00:54]} Bg7 {[%emt 0:00:05]} 5. h3 {[%emt 0:00:04]} dxe4 {[%emt 0:00:13]} 6. Nxe4 {[%emt 0:00:05]} Nf6 {[%emt 0:00:04]} 7. Bd3 {[%emt 0:01:18]} O-O {[%emt 0:00:40]} 8. O-O {[%emt 0:01:04]} Nxe4 {[%emt 0:01:17]} 9. Bxe4 {[%emt 0:00:05]} Nd7 {[%emt 0:00:04]} 10. Re1 {[%emt 0:01:52]} Qb6 {[%emt 0:02:55]} 11. c3 {[%emt 0:01:56]} Re8 {[%emt 0:07:10]} 12. Bc2 {[%emt 0:05:28]} c5 {[%emt 0:04:58]} 13. Bb3 {[%emt 0:15:08]} cxd4 {[%emt 0:11:47]} 14. cxd4 {[%emt 0:00:01]} Nf6 {[%emt 0:07:34]} 15. Ne5 {[%emt 0:00:53]} Be6 {[%emt 0:11:37]} 16. Bxe6 {[%emt 0:07:05]} fxe6 {[%emt 0:00:09]} 17. Nf3 {[%emt 0:05:50]} Rad8 {[%emt 0:01:38]} 18. Qe2 {[%emt 0:04:38]} Rd6 {[%emt 0:04:07]} 19. Bf4 {[%emt 0:02:09]} Rc6 {[%emt 0:00:20]} 20. Ne5 {[%emt 0:06:39]} Rcc8 {[%emt 0:01:13]} 21. Rad1 {[%emt 0:00:58]} Nd5 {[%emt 0:01:45]} 22. Bg3 {[%emt 0:02:02]} Red8 {[%emt 0:03:11]} 23. Nf3 {[%emt 0:06:11]} Bf6 {[%emt 0:01:56]} 24. Rd2 {[%emt 0:03:07]} Rc6 {[%emt 0:01:30]} 25. Ne5 {[%emt 0:03:41]} Rcc8 {[%emt 0:00:54]} 26. h4 {[%emt 0:02:52]} Bxe5 {[%emt 0:12:47]} 27. Bxe5 {[%emt 0:00:20]} Nf6 {[%emt 0:00:39]} 28. Bxf6 {[%emt 0:06:04]} exf6 {[%emt 0:00:03]} 29. Qxe6+ {[%emt 0:00:04]} Qxe6 {[%emt 0:00:03]} 30. Rxe6 {[%emt 0:00:05]} Kf7 {[%emt 0:00:09]} 31. Re3 {[%emt 0:01:28]} Rd5 {[%emt 0:01:11]} 32. Rc3 {[%emt 0:05:49]} Rcd8 {[%emt 0:00:09]} 33. Rc7+ {[%emt 0:01:42]} R8d7 {[%emt 0:00:04]} 34. Rxd7+ {[%emt 0:00:03]} Rxd7 {[%emt 0:00:04]} 35. Kf1 {[%emt 0:00:03]} Ke6 {[%emt 0:01:17]} 36. Ke2 {[%emt 0:00:05]} Kd5 {[%emt 0:06:01]} 37. Kd3 {[%emt 0:00:11]} Rc7 {[%emt 0:00:37]} 38. Re2 {[%emt 0:00:31]} b6 {[%emt 0:01:23]} 39. g3 {[%emt 0:05:36]} Rc4 {[%emt 0:07:31]} 40. Re4 {[%emt 0:06:29]} a5 {[%emt 0:01:03]} 41. b3 {[%emt 0:51:16]} Rc1 {[%emt 0:50:13]} 42. Re7 {[%emt 0:01:07]} Rd1+ {[%emt 0:00:28]} 43. Ke2 {[%emt 0:03:41]} Ra1 {[%emt 0:00:34]} 44. a4 {[%emt 0:02:26]} Ra2+ {[%emt 0:00:59]} 45. Ke3 {[%emt 0:00:00]} Rb2 {[%emt 0:00:00]} 46. Rd7+ {[%emt 0:00:00]} Ke6 {[%emt 0:00:00]} 47. Rxh7 {[%emt 0:00:00]} Rxb3+ {[%emt 0:00:00]} 48. Ke4 {[%emt 0:00:00]} Rb4 {[%emt 0:00:00]} 49. Rb7 {[%emt 0:00:00]} f5+ {[%emt 0:00:00]} 50. Ke3 {[%emt 0:00:00]} Kd5 {[%emt 0:00:00]} 51. f3 {[%emt 0:00:00]} Kc4 {[%emt 0:00:00]} 52. g4 {[%emt 0:00:00]} Rb3+ {[%emt 0:00:00]} 53. Kf4 {[%emt 0:00:00]} b5 {[%emt 0:00:00]} 54. axb5 {[%emt 0:00:00]} Rxb5 {[%emt 0:00:00]} 55. Rxb5 {[%emt 0:00:00]} Kxb5 {[%emt 0:00:00]} 56. gxf5 {[%emt 0:00:00]} gxf5 {[%emt 0:00:00]} 57. h5 {[%emt 0:00:00]} a4 {[%emt 0:00:00]} 58. h6 {[%emt 0:00:00]} a3 {[%emt 0:00:00]} 59. h7 {[%emt 0:00:00]} a2 {[%emt 0:00:00]} 60. h8=Q {[%emt 0:00:00]} a1=Q {[%emt 0:00:00]} 61. Qe5+ {[%emt 0:00:00]} Kc4 {[%emt 0:00:00]} 62. Qc5+ {[%emt 0:00:00]} Kd3 {[%emt 0:00:00]} 63. Qxf5+ {[%emt 0:00:00]} Kc4 {[%emt 0:00:00]} 64. Qe6+ {[%emt 0:00:00]} 1-0

[Event "4NCL Div 1 2018-19"]
[Site "Telford"]
[Date "2019.02.10"]
[Round "6.18"]
[White "Claridge-Hansen, William"]
[Black "Cooper, John G"]
[Result "1-0"]
[WhiteElo "2284"]
[BlackElo "2290"]
[Annotator "NA"]
[PlyCount "73"]
[EventDate "2018.11.10"]
[EventType "team-tourn"]
[EventCountry "GBR"]
[SourceTitle "playchess.com"]
[Source "ChessBase"]
[SourceQuality "1"]
[TimeControl "40/6000+30:3000+30"]

1. c4 {[%emt 0:00:00]} c5 {[%emt 0:00:00]} 2. g3 {[%emt 0:00:44]} e6 {[%emt 0:01:01]} 3. Bg2 {[%emt 0:00:24]} d5 {[%emt 0:00:18]} 4. Nf3 {[%emt 0:00:24]} Nc6 {[%emt 0:00:42]} 5. O-O {[%emt 0:01:25]} Be7 {[%emt 0:02:03]} 6. cxd5 {[%emt 0:01:09]} exd5 {[%emt 0:00:04]} 7. d4 {[%emt 0:00:10]} Nf6 {[%emt 0:00:08]} 8. b3 {[%emt 0:00:52]} O-O {[%emt 0:00:18]} 9. Bb2 {[%emt 0:00:15]} Re8 {[%emt 0:07:13]} 10. Nc3 {[%emt 0:00:52]} Bg4 {[%emt 0:00:13]} 11. Na4 {[%emt 0:19:30]} cxd4 {[%emt 0:26:34]} 12. Nxd4 {[%emt 0:01:44]} Qd7 {[%emt 0:00:11]} 13. Nxc6 {[%emt 0:02:50]} bxc6 {[%emt 0:00:20]} 14. Qd2 {[%emt 0:22:13]} Rac8 {[%emt 0:16:04]} 15. Rac1 {[%emt 0:04:12]} Ne4 {[%emt 0:22:16]} 16. Bxe4 {[%emt 0:01:58]} dxe4 {[%emt 0:00:04]} 17. Qxd7 {[%emt 0:03:14]} Bxd7 {[%emt 0:00:06]} 18. Rc4 {[%emt 0:12:09]} Bg5 {[%emt 0:11:43]} 19. e3 {[%emt 0:02:26]} Bg4 {[%emt 0:06:01]} 20. Rfc1 {[%emt 0:01:11]} Bf3 {[%emt 0:01:15]} 21. Rxc6 {[%emt 0:15:23]} Rcd8 {[%emt 0:02:18]} 22. Bd4 {[%emt 0:02:07]} h5 {[%emt 0:01:04]} 23. Nb2 {[%emt 0:05:02]} Bf6 {[%emt 0:01:46]} 24. R6c4 {[%emt 0:01:23]} Bxd4 {[%emt 0:02:37]} 25. Rxd4 {[%emt 0:00:13]} Rxd4 {[%emt 0:00:51]} 26. exd4 {[%emt 0:00:01]} Rd8 {[%emt 0:01:12]} 27. Rc4 {[%emt 0:00:14]} h4 {[%emt 0:01:13]} 28. Kf1 {[%emt 0:01:31]} Rd6 {[%emt 0:03:35]} 29. Ke1 {[%emt 0:00:38]} h3 {[%emt 0:00:38]} 30. Kd2 {[%emt 0:01:28]} Bg2 {[%emt 0:00:04]} 31. Ke3 {[%emt 0:02:46]} Rf6 {[%emt 0:00:19]} 32. d5 {[%emt 0:00:45]} Rf3+ {[%emt 0:00:13]} 33. Ke2 {[%emt 0:00:32]} Kf8 {[%emt 0:01:21]} 34. d6 {[%emt 0:00:34]} Ke8 {[%emt 0:00:37]} 35. Rxe4+ {[%emt 0:00:05]} Kd7 {[%emt 0:00:05]} 36. Rd4 {[%emt 0:00:36]} Rf6 {[%emt 0:00:36]} 37. Nd3 {[%emt 0:00:50]} 1-0

[Event "4NCL Div 1 2018-19"]
[Site "Telford"]
[Date "2019.02.10"]
[Round "6.19"]
[White "De Verdier, Michael"]
[Black "Suarez Real, Alberto"]
[Result "1/2-1/2"]
[WhiteElo "2311"]
[BlackElo "2438"]
[Annotator "NA RC"]
[PlyCount "51"]
[EventDate "2018.11.10"]
[EventType "team-tourn"]
[EventCountry "GBR"]
[SourceTitle "playchess.com"]
[Source "ChessBase"]
[SourceQuality "1"]
[TimeControl "40/6000+30:3000+30"]

1. d4 {[%emt 0:00:00]} Nf6 {[%emt 0:00:00]} 2. c4 {[%emt 0:00:00]} g6 {[%emt 0:00:00]} 3. Nc3 {[%emt 0:00:02]} Bg7 {[%emt 0:00:00]} 4. e4 {[%emt 0:00:47]} O-O {[%emt 0:00:14]} 5. Bd3 {[%emt 0:00:43]} d6 {[%emt 0:01:17]} 6. Nge2 {[%emt 0:00:11]} Nc6 {[%emt 0:01:34]} 7. O-O {[%emt 0:00:22]} e5 {[%emt 0:02:08]} 8. d5 {[%emt 0:00:19]} Nd4 {[%emt 0:00:28]} 9. Nxd4 {[%emt 0:00:08]} exd4 {[%emt 0:00:07]} 10. Nb5 {[%emt 0:00:07]} Re8 {[%emt 0:08:19]} 11. Re1 {[%emt 0:00:10]} a6 {[%emt 0:03:37]} 12. Nxd4 {[%emt 0:00:13]} Nxd5 {[%emt 0:00:41]} 13. cxd5 {[%emt 0:00:44]} Bxd4 {[%emt 0:00:00]} 14. Qc2 {[%emt 0:00:38]} Bd7 {[%emt 0:06:15]} 15. Be3 {[%emt 0:00:52]} Bxe3 {[%emt 0:03:55]} 16. Rxe3 {[%emt 0:01:22]} c6 {[%emt 0:01:08]} 17. Qb3 {[%emt 0:22:12]} Rb8 {[%emt 0:31:35]} 18. dxc6 {[%emt 0:03:59]} Bxc6 {[%emt 0:01:30]} 19. Bc4 {[%emt 0:10:21]} Qd7 {[%emt 0:16:30]} 20. f3 {[%emt 0:15:17]} b5 {[%emt 0:05:00]} 21. Bd5 {[%emt 0:00:57]} Bxd5 {[%emt 0:00:52]} 22. Qxd5 {[%emt 0:00:37]} Qa7 {[%emt 0:00:31]} 23. Rae1 {[%emt 0:04:09]} Rbc8 {[%emt 0:02:44]} 24. Qd2 {[%emt 0:11:55]} Rc6 {[%emt 0:08:59]} 25. Qf2 {[%emt 0:02:31]} Qc7 {[%emt 0:02:07]} 26. R3e2 {[%emt 0:01:47]} 1/2-1/2

[Event "4NCL Div 1 2018-19"]
[Site "Telford"]
[Date "2019.02.10"]
[Round "6.19"]
[White "Toczek, Grzegorz"]
[Black "Wu, Christopher"]
[Result "0-1"]
[WhiteElo "2243"]
[BlackElo "2340"]
[Annotator "NA"]
[PlyCount "122"]
[EventDate "2018.11.10"]
[EventType "team-tourn"]
[EventCountry "GBR"]
[SourceTitle "playchess.com"]
[Source "ChessBase"]
[SourceQuality "1"]
[TimeControl "40/6000+30:3000+30"]

1. e4 {[%emt 0:00:00]} c5 {[%emt 0:00:00]} 2. Nf3 {[%emt 0:00:00]} d6 {[%emt 0:00:00]} 3. d4 {[%emt 0:00:04]} cxd4 {[%emt 0:00:00]} 4. Qxd4 {[%emt 0:00:05]} Nf6 {[%emt 0:00:30]} 5. Bb5+ {[%emt 0:10:32]} Bd7 {[%emt 0:00:12]} 6. c4 {[%emt 0:03:37]} g6 {[%emt 0:05:15]} 7. e5 {[%emt 0:00:34]} dxe5 {[%emt 0:11:17]} 8. Nxe5 {[%emt 0:01:00]} a6 {[%emt 0:07:13]} 9. Nxd7 {[%emt 0:12:51]} Nbxd7 {[%emt 0:00:15]} 10. Ba4 {[%emt 0:00:09]} Bg7 {[%emt 0:01:00]} 11. O-O {[%emt 0:05:21]} O-O {[%emt 0:02:06]} 12. Be3 {[%emt 0:02:08]} Qc7 {[%emt 0:07:58]} 13. Nc3 {[%emt 0:17:05]} Rfd8 {[%emt 0:03:58]} 14. Qh4 {[%emt 0:08:33]} Ne5 {[%emt 0:10:05]} 15. Bb3 {[%emt 0:08:29]} Neg4 {[%emt 0:15:18]} 16. Nd5 {[%emt 0:05:37]} Nxd5 {[%emt 0:03:31]} 17. cxd5 {[%emt 0:00:54]} Nxe3 {[%emt 0:02:00]} 18. fxe3 {[%emt 0:01:39]} Qe5 {[%emt 0:01:45]} 19. d6 {[%emt 0:02:33]} Bf6 {[%emt 0:06:37]} 20. Qc4 {[%emt 0:10:06]} e6 {[%emt 0:05:39]} 21. Rf3 {[%emt 0:00:11]} Rd7 {[%emt 0:04:48]} 22. Raf1 {[%emt 0:00:34]} Bg5 {[%emt 0:00:14]} 23. Kh1 {[%emt 0:07:40]} Qxd6 {[%emt 0:03:20]} 24. h4 {[%emt 0:00:38]} Bh6 {[%emt 0:00:21]} 25. h5 {[%emt 0:00:53]} Qe5 {[%emt 0:02:15]} 26. hxg6 {[%emt 0:00:29]} hxg6 {[%emt 0:02:19]} 27. Rh3 {[%emt 0:00:04]} Bg5 {[%emt 0:00:38]} 28. Qg4 {[%emt 0:01:03]} Kg7 {[%emt 0:01:21]} 29. Qf3 {[%emt 0:07:26]} Rad8 {[%emt 0:02:45]} 30. Bc2 {[%emt 0:00:12]} Rc7 {[%emt 0:01:53]} 31. Be4 {[%emt 0:00:11]} b5 {[%emt 0:00:18]} 32. b3 {[%emt 0:00:44]} b4 {[%emt 0:03:07]} 33. Bb1 {[%emt 0:00:10]} a5 {[%emt 0:01:37]} 34. Be4 {[%emt 0:00:14]} Qb5 {[%emt 0:02:17]} 35. Bb1 {[%emt 0:00:52]} Rdc8 {[%emt 0:00:27]} 36. Kh2 {[%emt 0:01:22]} Qe5+ {[%emt 0:01:14]} 37. Kh1 {[%emt 0:00:09]} Qf6 {[%emt 0:00:46]} 38. Kg1 {[%emt 0:02:35]} Qxf3 {[%emt 0:01:34]} 39. Rhxf3 {[%emt 0:00:06]} Rd8 {[%emt 0:01:32]} 40. e4 {[%emt 0:00:20]} Rd2 {[%emt 0:01:49]} 41. Kh2 {[%emt 0:51:20]} Rcd7 {[%emt 0:01:09]} 42. Kg3 {[%emt 0:00:00]} e5 {[%emt 0:03:41]} 43. R3f2 {[%emt 0:00:00]} Bf4+ {[%emt 0:00:36]} 44. Kg4 {[%emt 0:00:00]} Be3 {[%emt 0:02:57]} 45. Rxd2 {[%emt 0:00:00]} Rxd2 {[%emt 0:00:05]} 46. Kf3 {[%emt 0:00:00]} Bd4 {[%emt 0:00:09]} 47. Rc1 {[%emt 0:00:00]} Kf6 {[%emt 0:00:58]} 48. Kg3 {[%emt 0:00:00]} Kg5 {[%emt 0:00:13]} 49. Rf1 {[%emt 0:00:00]} f6 {[%emt 0:00:17]} 50. Rf3 {[%emt 0:00:00]} Rd1 {[%emt 0:00:55]} 51. Bd3 {[%emt 0:00:00]} Ra1 {[%emt 0:00:38]} 52. Bb5 {[%emt 0:00:00]} Rxa2 {[%emt 0:01:57]} 53. Kh3 {[%emt 0:00:00]} Bf2 {[%emt 0:04:30]} 54. Kh2 {[%emt 0:00:00]} Rc2 {[%emt 0:01:36]} 55. Ba4 {[%emt 0:00:00]} Be1 {[%emt 0:01:00]} 56. Re3 {[%emt 0:00:00]} Bf2 {[%emt 0:00:40]} 57. Rf3 {[%emt 0:00:00]} f5 {[%emt 0:00:18]} 58. exf5 {[%emt 0:00:00]} gxf5 {[%emt 0:00:16]} 59. Bd7 {[%emt 0:00:00]} f4 {[%emt 0:00:18]} 60. Kh3 {[%emt 0:00:00]} e4 {[%emt 0:00:06]} 61. Bf5 {[%emt 0:00:00]} Kxf5 {[%emt 0:00:18]} 0-1

[Event "4NCL Div 1 2018-19"]
[Site "Telford"]
[Date "2019.02.10"]
[Round "6.20"]
[White "Sarakauskas, Gediminas"]
[Black "Weaving, Richard"]
[Result "1-0"]
[WhiteElo "2430"]
[BlackElo "2322"]
[Annotator "TA"]
[PlyCount "41"]
[EventDate "2018.11.10"]
[EventType "team-tourn"]
[EventCountry "GBR"]
[SourceTitle "playchess.com"]
[Source "ChessBase"]
[SourceQuality "1"]

{[%evp 11,41,0,0,0,0,0,0,-3,16,10,12,0,45,55,58,56,254,255,389,390,340,365,542,539,531,514,656,651,728,727,858,845]} 1. c4 e5 2. Nc3 Nf6 3. Nf3 Nc6 4. e3 Bb4 5. Qc2 Bxc3 6. bxc3 O-O 7. e4 {A28: English Opening: Four Knights Variation} d6 8. Be2 (8. g3 Kh8 9. d3 Ng8 10. Nh4 Nge7 11. Bg2 f5 12. exf5 Nxf5 13. Nf3 Nfe7 14. O-O h6 {1-0 (71) So,W (2765)-Harikrishna,P (2729) Kolkata 2018}) 8... Ne8 9. d4 $146 {The position is equal.} ({Predecessor:} 9. O-O f5 10. d4 fxe4 {½-½ (10) Genocchio,D (2385)-Malloni,M (2302) Gallipoli 2018}) 9... Qe7 10. O-O Bg4 11. Be3 f5 12. exf5 Bxf5 13. Qb3 Na5 $2 ({Black should try} 13... Rb8 $14) 14. Qb5 $1 $18 {[%csl LRa5,LRe5][%mdl 64] [#] Double Attack} b6 (14... exd4 $142 15. cxd4 c5 16. Qxa5 b6) 15. Qd5+ {[%mdl 64] Double Attack} Kh8 {aiming for ...c6.} 16. Qxa8 c6 (16... e4 {is a better defense.} 17. Nd2 c6) 17. dxe5 {White is clearly winning.} dxe5 18. Qb8 Bg4 {Now ...Bxf3 and Black clings on.} 19. c5 bxc5 20. Rfe1 Nd6 21. Bg5 {Accuracy: White = 81%, Black = 19%.} 1-0

[Event "4NCL Div 1 2018-19"]
[Site "Telford"]
[Date "2019.02.10"]
[Round "6.20"]
[White "Manley, Jon P"]
[Black "Toma, Katarzyna"]
[Result "0-1"]
[WhiteElo "2149"]
[BlackElo "2164"]
[Annotator "NA"]
[PlyCount "62"]
[EventDate "2018.11.10"]
[EventType "team-tourn"]
[EventCountry "GBR"]
[SourceTitle "playchess.com"]
[Source "ChessBase"]
[SourceQuality "1"]
[TimeControl "40/6000+30:3000+30"]

1. e4 {[%emt 0:00:00]} c5 {[%emt 0:00:00]} 2. Nc3 {[%emt 0:00:00]} Nc6 {[%emt 0:00:00]} 3. Bb5 {[%emt 0:00:19]} Nd4 {[%emt 0:00:00]} 4. Bc4 {[%emt 0:00:04]} a6 {[%emt 0:00:14]} 5. Nge2 {[%emt 0:01:26]} b5 {[%emt 0:01:32]} 6. Bd5 {[%emt 0:01:05]} Rb8 {[%emt 0:00:07]} 7. Nxd4 {[%emt 0:01:21]} cxd4 {[%emt 0:00:08]} 8. Ne2 {[%emt 0:00:27]} Nf6 {[%emt 0:00:36]} 9. Bb3 {[%emt 0:00:45]} Nxe4 {[%emt 0:00:29]} 10. Nxd4 {[%emt 0:00:09]} e6 {[%emt 0:00:31]} 11. c3 {[%emt 0:03:20]} Bb7 {[%emt 0:00:37]} 12. O-O {[%emt 0:03:54]} Bd6 {[%emt 0:01:29]} 13. d3 {[%emt 0:17:20]} Nf6 {[%emt 0:19:03]} 14. Bd2 {[%emt 0:16:31]} h5 {[%emt 0:03:23]} 15. h3 {[%emt 0:05:05]} Nd5 {[%emt 0:02:15]} 16. Bxd5 {[%emt 0:12:42]} Bxd5 {[%emt 0:00:06]} 17. Qe2 {[%emt 0:04:04]} Qf6 {[%emt 0:05:22]} 18. f4 {[%emt 0:02:04]} Qg6 {[%emt 0:34:32]} 19. b4 {[%emt 0:01:55]} O-O {[%emt 0:02:42]} 20. a4 {[%emt 0:02:03]} bxa4 {[%emt 0:01:41]} 21. Rxa4 {[%emt 0:01:59]} Bb7 {[%emt 0:00:38]} 22. Ra5 {[%emt 0:02:01]} f5 {[%emt 0:03:53]} 23. c4 {[%emt 0:07:08]} Bc7 {[%emt 0:00:29]} 24. Ra2 {[%emt 0:02:53]} e5 {[%emt 0:00:07]} 25. fxe5 {[%emt 0:02:12]} Bxe5 {[%emt 0:00:09]} 26. Nf3 {[%emt 0:01:11]} Bc7 {[%emt 0:00:31]} 27. Bc3 {[%emt 0:03:53]} Rbe8 {[%emt 0:01:17]} 28. Qf2 {[%emt 0:01:14]} Bg3 {[%emt 0:06:47]} 29. Qa7 {[%emt 0:03:09]} Bc6 {[%emt 0:03:23]} 30. Qd4 {[%emt 0:03:41]} Rf7 {[%emt 0:01:32]} 31. Rxa6 {[%emt 0:01:23]} Re2 {[%emt 0:00:39]} 0-1

[Event "4NCL Div 1 2018-19"]
[Site "Telford"]
[Date "2019.02.10"]
[Round "6.21"]
[White "Blackburn, Jonathan L B"]
[Black "Stork, Oliver"]
[Result "1/2-1/2"]
[WhiteElo "2212"]
[BlackElo "2197"]
[Annotator "NA"]
[PlyCount "71"]
[EventDate "2018.11.10"]
[EventType "team-tourn"]
[EventCountry "GBR"]
[SourceTitle "playchess.com"]
[Source "ChessBase"]
[SourceQuality "1"]
[TimeControl "40/6000+30:3000+30"]

1. d4 {[%emt 0:00:00]} d5 {[%emt 0:00:00]} 2. c4 {[%emt 0:00:00]} e6 {[%emt 0:00:00]} 3. Nc3 {[%emt 0:00:00]} Be7 {[%emt 0:00:00]} 4. Nf3 {[%emt 0:00:06]} Nf6 {[%emt 0:00:00]} 5. Bg5 {[%emt 0:00:27]} O-O {[%emt 0:00:05]} 6. e3 {[%emt 0:00:40]} h6 {[%emt 0:00:07]} 7. Bh4 {[%emt 0:00:19]} b6 {[%emt 0:00:08]} 8. Bxf6 {[%emt 0:00:12]} Bxf6 {[%emt 0:00:08]} 9. cxd5 {[%emt 0:00:19]} exd5 {[%emt 0:00:08]} 10. Be2 {[%emt 0:02:13]} Be6 {[%emt 0:01:53]} 11. O-O {[%emt 0:04:15]} c5 {[%emt 0:07:55]} 12. Rc1 {[%emt 0:02:13]} Nc6 {[%emt 0:24:00]} 13. Qa4 {[%emt 0:25:11]} cxd4 {[%emt 0:09:22]} 14. Qxc6 {[%emt 0:18:39]} dxc3 {[%emt 0:01:45]} 15. bxc3 {[%emt 0:00:07]} Rc8 {[%emt 0:20:11]} 16. Qa4 {[%emt 0:00:52]} Bxc3 {[%emt 0:10:49]} 17. Qxa7 {[%emt 0:10:39]} Ra8 {[%emt 0:10:47]} 18. Qb7 {[%emt 0:01:00]} d4 {[%emt 0:00:13]} 19. Qe4 {[%emt 0:14:53]} Rxa2 {[%emt 0:07:06]} 20. Bd3 {[%emt 0:05:01]} g6 {[%emt 0:00:07]} 21. Qf4 {[%emt 0:01:18]} Bd2 {[%emt 0:04:12]} 22. Nxd2 {[%emt 0:07:30]} Rxd2 {[%emt 0:00:06]} 23. Rcd1 {[%emt 0:00:28]} dxe3 {[%emt 0:03:31]} 24. Qxe3 {[%emt 0:00:34]} Rxd1 {[%emt 0:00:08]} 25. Rxd1 {[%emt 0:00:06]} Qg5 {[%emt 0:03:15]} 26. Qxb6 {[%emt 0:05:37]} Rd8 {[%emt 0:00:21]} 27. f4 {[%emt 0:00:22]} Qf6 {[%emt 0:02:54]} 28. g3 {[%emt 0:02:03]} Kg7 {[%emt 0:01:45]} 29. Kf2 {[%emt 0:01:36]} Bg4 {[%emt 0:02:13]} 30. Qxf6+ {[%emt 0:00:12]} Kxf6 {[%emt 0:00:03]} 31. Rd2 {[%emt 0:00:09]} Bf5 {[%emt 0:00:05]} 32. Ke3 {[%emt 0:00:29]} Re8+ {[%emt 0:00:18]} 33. Kf2 {[%emt 0:00:29]} Rd8 {[%emt 0:00:03]} 34. Ke3 {[%emt 0:00:05]} h5 {[%emt 0:00:33]} 35. Bc4 {[%emt 0:00:33]} Rxd2 {[%emt 0:02:09]} 36. Kxd2 {[%emt 0:00:02] Ke5 [%clk 00:00:22] [%emt 00:00:28]} 1/2-1/2